00629cam a22002051 4500001001300000003000400013005001700017008004100034010001700075035002000092040001700112042001200129050002400141100005500165245007800220260005700298300002100355630002600376752002100402he 67002079 DLC20260227111451.0840808s1894 pl 000 0 heb  ahe 67002079  a(OCoLC)19184190 aDLCcMHdDLC apremarc00aBM504.2b.T48 1960z2 aTeomim-Fraenkel, Baruch ben Joshua Feivel,d-1828.10aBarukh ṭaʻam /c...ʻim hagahot Divre ḥayim...Ḥayim Halbershṭam. aKraków :bBi-defuso shel Y. Fisherc[1894 or 1895] a208 p. ;c27 cm.00aTalmudxCommentaries. aPolanddKraków